[Event "9th RTU Open 2019"]
[Site "Riga"]
[Date "2019.08.05"]
[Round "1.1"]
[White "Kovalenko, Igor"]
[Black "Chernyak, Viktoria"]
[Result "1-0"]
[WhiteElo "2654"]
[BlackElo "2265"]
[Annotator "TA"]
[PlyCount "51"]
[EventDate "2019.08.05"]
[EventType "swiss"]
[EventCountry "LAT"]
[SourceTitle "playchess.com"]
[Source "ChessBase"]
[SourceQuality "1"]

{[%evp 16,51,19,8,66,55,60,55,77,75,75,72,168,112,159,134,225,195,195,92,154,171,208,170,199,193,246,251,561,559,516,500,29982,29982,2877,2787,29995,29996]} 1. d4 d5 2. c4 e6 3. Nf3 c6 4. Nbd2 Nf6 5. g3 Nbd7 6. Bg2 Bd6 7. O-O O-O 8. Qc2 Re8 9. Re1 Qc7 {E01: Catalan: Early deviations} (9... h6 $11) (9... e5 10. cxd5 Nxd5 11. dxe5 Nxe5 12. Nxe5 Bxe5 13. Nc4 Bf6 14. Bd2 Nb6 15. Na5 Qe7 16. e4 Be5 17. f4 {½-½ (75) Arat,U (2372)-Yuksel,A (2227) Konya 2018}) 10. e4 $146 {Threatens to win with e5.} ({Predecessor:} 10. Nb3 dxc4 11. Qxc4 e5 12. dxe5 Nxe5 13. Qc2 h6 14. Nxe5 Bxe5 15. Be3 Ng4 16. Bd4 Bxd4 17. Nxd4 {1-0 (57) Rasmussen,J (1852)-Myhre,M (1686) Helsingor 2015}) 10... dxe4 11. Nxe4 Nxe4 {White is slightly better.} 12. Rxe4 Nf6 13. Rh4 Be7 (13... h6 $16) 14. Bf4 (14. Ne5 $1 $18) 14... Qd8 {[#]} 15. Rd1 $1 $36 {[%cal Ba1d1,Bd1d3,Bd3f3][%mdl 2080] Black is under strong pressure.} a5 (15... h6 $16 16. Ne5 Rf8) 16. Ne5 $18 g6 17. g4 (17. Bg5 $18 {is more deadly.}) 17... Rf8 (17... Nd5 $142 18. g5 (18. cxd5 Bxh4 19. dxc6 bxc6 $16) 18... Nxf4 19. Rxf4 Rf8) 18. Bh6 $16 Re8 19. Bg5 a4 20. Rd3 {Strongly threatening Rdh3.} Ra5 (20... Nd7 {might work better.} 21. Nxf7 Bxg5 22. Nxd8 Bxh4) 21. c5 $18 Rb5 $2 {[#]} (21... Nd5) 22. Nxf7 $1 {[%mdl 512]} Kxf7 {[#]} 23. Bxf6 $1 Bxf6 (23... Rh8 $18) 24. Rxh7+ Kf8 {[#]} 25. Rf3 $1 {[%mdl 576] Discovered Attack} Rxb2 26. Qxg6 {Accuracy: White = 81%, Black = 17%.} 1-0

[Event "9th RTU Open 2019"]
[Site "Riga"]
[Date "2019.08.05"]
[Round "1.2"]
[White "Raghavi, N.."]
[Black "Hovhannisyan, Robert"]
[Result "0-1"]
[WhiteElo "2290"]
[BlackElo "2640"]
[Annotator "RC"]
[PlyCount "76"]
[EventDate "2019.08.05"]
[EventType "swiss"]
[EventCountry "LAT"]
[TimeControl "5400+30"]

1. e4 {[%emt 0:00:00]} e5 {[%emt 0:00:00]} 2. Nf3 {[%emt 0:00:29]} Nc6 {[%emt 0:00:00]} 3. Bb5 {[%emt 0:01:03]} a6 {[%emt 0:00:00]} 4. Ba4 {[%emt 0:00:12]} Nf6 {[%emt 0:00:06]} 5. O-O {[%emt 0:00:42]} Be7 {[%emt 0:00:23]} 6. d3 {[%emt 0:01:16]} b5 {[%emt 0:00:23]} 7. Bb3 {[%emt 0:00:07]} O-O {[%emt 0:00:12]} 8. a4 {[%emt 0:02:34]} b4 {[%emt 0:03:30]} 9. Nbd2 {[%emt 0:01:23]} Bc5 {[%emt 0:00:31]} 10. Nc4 {[%emt 0:02:39]} d6 {[%emt 0:12:08]} 11. h3 {[%emt 0:09:04]} Be6 {[%emt 0:00:00]} 12. c3 {[%emt 0:11:18]} bxc3 {[%emt 0:00:00]} 13. bxc3 {[%emt 0:00:08]} Rb8 {[%emt 0:00:00]} 14. Ba2 {[%emt 0:02:46]} Ba7 {[%emt 0:00:00]} 15. Ng5 {[%emt 0:06:03]} Bd7 {[%emt 0:00:00]} 16. Be3 {[%emt 0:02:29]} Bxe3 {[%emt 0:00:16]} 17. Nxe3 {[%emt 0:02:22]} h6 {[%emt 0:00:51]} 18. Nf3 {[%emt 0:00:18]} Na5 {[%emt 0:06:00]} 19. Nd2 {[%emt 0:07:55]} Qe8 {[%emt 0:03:51]} 20. Bb1 {[%emt 0:00:41]} Be6 {[%emt 0:13:03]} 21. d4 {[%emt 0:22:19]} Qc6 {[%emt 0:07:20]} 22. Ra3 {[%emt 0:00:17]} Qb6 {[%emt 0:02:11]} 23. Nf3 {[%emt 0:04:29]} Rfe8 {[%emt 0:05:04]} 24. Bd3 {[%emt 0:07:23]} c5 {[%emt 0:09:32]} 25. dxe5 {[%emt 0:09:20]} dxe5 {[%emt 0:00:06]} 26. Qe2 {[%emt 0:00:03]} c4 {[%emt 0:01:22]} 27. Bb1 {[%emt 0:01:28]} Qc5 {[%emt 0:02:57]} 28. Ra2 {[%emt 0:01:26]} Rb3 {[%emt 0:01:26]} 29. Qd2 {[%emt 0:00:23]} Nb7 {[%emt 0:02:52]} 30. Bc2 {[%emt 0:00:50]} Rd8 {[%emt 0:00:52]} 31. Qc1 {[%emt 0:02:06]} Rxc3 {[%emt 0:02:03]} 32. Nd1 {[%emt 0:00:25]} Rxf3 {[%emt 0:02:15]} 33. gxf3 {[%emt 0:00:12]} Nh5 {[%emt 0:00:23]} 34. Qa3 {[%emt 0:01:15]} Qc6 {[%emt 0:01:36]} 35. f4 {[%emt 0:00:52]} Nxf4 {[%emt 0:00:30]} 36. Kh2 {[%emt 0:00:30]} c3 {[%emt 0:01:56]} 37. Ra1 {[%emt 0:00:56]} Rd2 {[%emt 0:00:31]} 38. Rc1 {[%emt 0:00:16]} Ne2 {[%emt 0:05:07]} 0-1

[Event "9th RTU Open 2019"]
[Site "Riga"]
[Date "2019.08.05"]
[Round "1.3"]
[White "Abasov, Nijat"]
[Black "Wedda, Dries"]
[Result "1-0"]
[WhiteElo "2641"]
[BlackElo "2234"]
[Annotator "TA"]
[PlyCount "61"]
[EventDate "2019.08.05"]
[EventType "swiss"]
[EventCountry "LAT"]
[SourceTitle "playchess.com"]
[Source "ChessBase"]
[SourceQuality "1"]

{[%evp 9,61,20,17,0,0,0,31,23,56,55,61,50,83,83,120,119,208,191,182,185,194,137,206,85,108,109,97,115,104,63,55,70,159,172,165,171,235,233,227,223,231,222,231,226,264,264,354,354,354,347,351,324,2035,2035]} 1. c4 c5 2. Nc3 Nc6 3. Nf3 e5 4. e3 Nf6 5. d4 e4 6. d5 {A34: Symmetrical English: 2 Nc3, lines with ...d5} exf3 7. dxc6 fxg2 8. cxd7+ {White is slightly better.} Bxd7 9. Bxg2 Qc7 (9... g6 10. b3 Bg7 11. Qd6 Qb6 12. Qe5+ Kf8 13. Bb2 {½-½ (36) Dominguez Perez,L (2739)-Vachier Lagrave,M (2779) Saint Louis 2018}) 10. f4 $146 ({Predecessor:} 10. Qb3 Bc6 11. Nd5 Bxd5 12. cxd5 Bd6 13. Qa4+ {0-1 (54) Suba,M (2535)-Wedberg,T (2500) Dortmund 1983}) 10... Be7 11. e4 Bc6 12. O-O Nd7 (12... Qd7 $16) 13. Nd5 $18 Bxd5 14. cxd5 ({Don't do} 14. exd5 $6 O-O $14) 14... f6 15. Be3 (15. e5 $1 $18 {Black must now prevent d6.} fxe5 16. fxe5 Nxe5 17. Bh3) 15... Bd6 {[#]} (15... c4 $16 16. Qh5+ g6) 16. Bh3 (16. e5 $1 $18 {[%cal Re5d6] has better winning chances.} fxe5 17. fxe5 Nxe5 18. Bh3) 16... O-O 17. Rc1 Rfe8 18. Be6+ Kh8 19. Rc2 (19. Qe2 {feels hotter.} b6 20. Rf3 Nf8 21. f5 Be5 22. b4) 19... Nf8 20. f5 $36 {[%mdl 2048] White fights for an advantage.} Nxe6 (20... Bxh2+ $14 21. Rxh2 Qg3+ 22. Kh1 Qxe3) 21. fxe6 $16 ({Don't play} 21. dxe6 $6 Bxh2+ 22. Kh1 (22. Rxh2 Qg3+ {[%mdl 64] Double Attack} 23. Kh1 Qxe3 $11) 22... Bd6 $14) 21... a5 22. Kh1 b6 {[#]} (22... a4 $142 23. Qh5 b6) 23. a4 $1 $18 Be5 24. Qe2 Qd6 25. Bd2 Rf8 26. Bc3 g6 27. Qe3 Kg7 28. Rcf2 {[%cal Bc2f2,Bf2f3,Bf3f5][%mdl 32]} Rad8 29. Rf3 {And now Rh3 would win.} Qc7 30. Kg2 g5 $2 (30... Rde8 31. b3 Qd6) 31. Rf5 {Accuracy: White = 71%, Black = 19%.} 1-0

[Event "9th RTU Open 2019"]
[Site "Riga"]
[Date "2019.08.05"]
[Round "1.4"]
[White "Evchin, Maxim"]
[Black "Tari, Aryan"]
[Result "1-0"]
[WhiteElo "2232"]
[BlackElo "2620"]
[Annotator "TA"]
[PlyCount "37"]
[EventDate "2019.08.05"]
[EventType "swiss"]
[EventCountry "LAT"]
[SourceTitle "playchess.com"]
[Source "ChessBase"]
[SourceQuality "1"]

{[%evp 9,65,1,14,6,41,-20,47,43,81,71,68,70,72,56,64,62,133,131,126,122,136,43,145,127,135,118,150,150,162,147,206,177,195,106,281,274,255,238,349,358,393,382,375,380,487,413,383,352,624,615,942,736,2138,2048,5252,5252,5156,5143]} 1. d4 d5 2. Nf3 Nf6 3. g3 c5 4. Bg2 cxd4 5. O-O h6 6. b3 {D02: 1 d4 d5 2 Nf3 sidelines, including 2...Nf6 3 g3 and 2...Nf6 3 Bf4} (6. Nxd4 e5 7. Nf3 Nc6 8. b3 Bc5 9. Bb2 Qe7 10. c4 d4 11. Ne1 e4 12. f3 d3+ 13. Kh1 dxe2 14. Qxe2 {1-0 (77) Adly,A (2626)-Zhigalko,A (2545) St Petersburg 2018}) 6... Bg4 7. Bb2 (7. Ne5 $14) 7... Nbd7 $146 (7... Bxf3 $11 8. exf3 Nc6) ({Predecessor:} 7... Bxf3 8. exf3 Nc6 9. Bxd4 Nxd4 10. Qxd4 g6 11. Nc3 Bg7 12. Rad1 e6 13. Qb4 Qe7 {½-½ (25) Wantola,I (2366)-Pijpers,A (2383) Leiden 2014}) 8. Nxd4 $14 {White is slightly better.} e5 9. h3 $1 Bh5 10. Nf5 Qc7 11. c4 $1 Bg6 12. Nh4 Bxb1 (12... Bh7 $1 $14) 13. Rxb1 $16 d4 14. Qd2 Rd8 15. Rbc1 ({White should try} 15. f4 $16) 15... Nc5 (15... a5 $14) 16. b4 $1 Ne6 17. e3 g6 18. exd4 Nxd4 {Black wants to play ...g5.} 19. Rce1 {Played: Rf1-e1} 1-0

[Event "9th RTU Open 2019"]
[Site "Riga"]
[Date "2019.08.05"]
[Round "1.5"]
[White "Bauer, Christian"]
[Black "Piasetski, Leon"]
[Result "1-0"]
[WhiteElo "2646"]
[BlackElo "2229"]
[Annotator "TA"]
[PlyCount "69"]
[EventDate "2019.08.05"]
[EventType "swiss"]
[EventCountry "LAT"]
[SourceTitle "playchess.com"]
[Source "ChessBase"]
[SourceQuality "1"]

{[%evp 13,69,37,54,54,68,23,42,35,34,37,72,65,60,80,79,79,76,89,78,91,79,87,120,124,172,120,135,114,159,131,114,123,110,91,139,102,110,101,117,118,289,301,315,279,322,261,353,353,353,358,679,666,657,639,875,898,816,786]} 1. e4 g6 2. d4 Bg7 3. Nc3 d6 4. Be3 c6 5. Qd2 b5 6. Bd3 Nd7 7. Nf3 Qc7 8. Ne2 {B06: Modern Defence} Ngf6 9. h3 Bb7 10. Ng3 {White is slightly better.} e5 11. c3 d5 12. dxe5 $146 ({Predecessor:} 12. Nxe5 Nxe5 13. dxe5 {½-½ (75) Valdes Escobar,A (2366)-McNab,C (2420) England 2018}) 12... Nxe5 13. Nxe5 Qxe5 14. f4 Qe7 {[%cal Rd5e4]} 15. e5 Nd7 16. O-O O-O 17. Rae1 Rae8 18. b4 a6 {[#]} 19. Bd4 (19. Bf5 $1 $18) 19... Qh4 20. Re3 Bh6 21. Qf2 Bc8 22. Kh2 {And now Nf5 would win.} Bg7 23. Qf3 Kh8 24. Rfe1 Kg8 25. Qg4 $36 {[%mdl 2048] White is on the roll.} Qxg4 26. hxg4 Bh6 $2 (26... a5 $16 {was called for.}) 27. g5 $18 Bg7 28. f5 gxf5 29. Nh5 ({Don't play} 29. Nxf5 Re6 $18) 29... Re6 30. Bxf5 Rfe8 31. Bxe6 fxe6 $2 (31... Rxe6 32. Nf4 Nf8 33. Nxe6 Nxe6) 32. Nf6+ {White is clearly winning.} Bxf6 33. gxf6 Nf8 34. Rf1 {[#] Threatening mate with f7+.} Kf7 35. Rh3 {Accuracy: White = 83%, Black = 48%.} 1-0

[Event "9th RTU Open 2019"]
[Site "Riga"]
[Date "2019.08.05"]
[Round "1.6"]
[White "Mohite, Ranveer"]
[Black "Svane, Rasmus"]
[Result "0-1"]
[WhiteElo "2229"]
[BlackElo "2615"]
[Annotator "TA"]
[PlyCount "88"]
[EventDate "2019.08.05"]
[EventType "swiss"]
[EventCountry "LAT"]
[SourceTitle "playchess.com"]
[Source "ChessBase"]
[SourceQuality "1"]

{[%evp 14,87,-4,0,-14,-5,0,-28,-28,-46,-54,-50,-35,-57,-41,-66,-56,-71,-78,-58,-69,-73,-77,-112,-52,-166,-160,-157,-156,-157,-156,-152,-157,-154,-75,-176,-181,-175,-178,-345,-327,-321,-305,-424,-212,-339,-337,-333,-314,-391,-358,-396,-364,-379,-352,-680,-709,-709,-710,-706,-706,-985,-683,-29979,-29980,-29984,-29985,-29983,-3101,-29988,-29989,-29997,-29998,-29998,-29999,-29999]} 1. e4 c6 2. d4 d5 3. e5 Bf5 4. Nf3 e6 5. Be2 Ne7 6. c3 Nd7 7. Na3 c5 8. O-O Nc6 {B12: Caro-Kann: Advance Variation} (8... a6 9. Nc2 Nc6 10. Ne3 Be4 11. b3 cxd4 12. cxd4 Rc8 13. Bb2 Be7 14. Nd2 Bg6 15. f4 O-O 16. Kh1 {1-0 (47) Firman,N (2512)-Bargan,S (2291) Lutsk 2017}) 9. Nb5 Bg4 $146 ({Predecessor:} 9... a6 10. Nd6+ Bxd6 11. exd6 Qb6 12. Be3 cxd4 13. Nxd4 Nxd4 14. Qxd4 Qxd4 15. cxd4 Nb8 16. Rac1 {½-½ (26) Ottesen,S (2404)-Krebs,J (2395) ICCF email 2008}) 10. Bf4 a6 {Strongly threatening ...Bxf3.Black has an edge.} 11. Nd6+ Bxd6 $1 12. exd6 Bxf3 13. Bxf3 {dxc5 is the strong threat.} Qf6 14. Bg3 cxd4 15. c4 dxc4 16. Bxc6 bxc6 17. Qa4 c5 18. Rac1 Qd8 ({Black should try} 18... h5 $17 {White must now prevent ...h4.} 19. h3 Rd8 20. Qxc4 h4) 19. Qxc4 {[#]} (19. b4 $1 $15 cxb3 20. Rxc5) 19... a5 $1 $19 20. f4 O-O 21. f5 e5 22. Qd5 Re8 23. Rce1 {[%cal Rg3e5]} Qf6 ({Black should play} 23... Ra6 {And now ...Qa8 would win.} 24. Bxe5 Nxe5 25. Rxe5 Rxe5 26. Qxe5 Rxd6) 24. Bxe5 (24. Qc6 $17 Qd8 25. Qd5) 24... Nxe5 25. d7 {[#]} Nxd7 $1 26. Rxe8+ $2 (26. Qxd7 Re3 27. Rxe3 dxe3 28. Re1) 26... Rxe8 27. Qxd7 {[%cal Rd7e8][%mdl 4096] Endgame KQR-KQR} Qe5 28. h3 h6 (28... c4 $142 29. Kh1 d3) 29. f6 (29. b3 $142) 29... g6 ({Less strong is} 29... gxf6 30. Rxf6 Qxf6 31. Qxe8+ Kg7 32. Qb5 $17) 30. b3 h5 31. Kh1 h4 32. Rf3 Qe4 {Threatens to win with ...Qb1+.} 33. Kh2 Qe6 34. Qb5 $2 (34. Qxe6 Rxe6 35. Kg1) 34... Qd6+ 35. Kg1 Re1+ 36. Kf2 Qe5 37. Qd3 Ra1 {[%csl Ga1][%cal Re5e1]} 38. Qd2 Qh2 39. Rd3 Qg1+ 40. Kf3 Rf1+ (40... Qf1+ $142 41. Kg4 Re1 42. Rf3 Re4+ 43. Kg5 Qb5 44. Rf5 gxf5 45. g4 hxg3 46. Kh6 f4 47. Qc2 {[#]} Qc6 $1 {[%mdl 512]} 48. Kh5 f3 49. Qd2 Qxf6 50. Qg5+ Qxg5+ 51. Kxg5 Re3 52. h4 g2 53. Kf6 f2 54. Kf5 g1=Q 55. h5 f1=Q#) 41. Kg4 {[#]} Rf2 $1 {[%mdl 64] Double Attack. Black mates.} 42. Qh6 Qxg2+ 43. Kxh4 Qe4+ {[%mdl 64] Double Attack} 44. Kg3 Rg2# {Accuracy: White = 29%, Black = 59%.} 0-1

[Event "9th RTU Open 2019"]
[Site "Riga"]
[Date "2019.08.05"]
[Round "1.7"]
[White "Smirin, Ilia"]
[Black "Bracker, Arne"]
[Result "1-0"]
[WhiteElo "2594"]
[BlackElo "2227"]
[Annotator "TA"]
[PlyCount "97"]
[EventDate "2019.08.05"]
[EventType "swiss"]
[EventCountry "LAT"]
[SourceTitle "playchess.com"]
[Source "ChessBase"]
[SourceQuality "1"]

{[%evp 12,97,19,14,24,6,8,6,21,0,7,0,0,0,4,0,23,30,32,22,50,32,33,31,47,38,41,33,55,52,52,60,52,54,93,97,104,95,76,47,52,52,52,52,63,68,63,20,63,37,63,64,64,-43,-43,-50,-43,-53,54,-8,124,0,0,0,0,0,0,0,0,0,0,0,0,0,0,0,0,0,0,0,0,0,502,496,496,356,1565,1487]} 1. e4 e5 2. Nf3 Nc6 3. Bc4 Nf6 4. d3 Bc5 5. O-O O-O 6. h3 d6 7. c3 Ne7 {C54: Giuoco Piano: 4 c3 Nf6, main lines with 5 d4 and 5 d3} (7... Be6 8. Bxe6 fxe6 9. b4 Bb6 10. Re1 Ne7 11. Nbd2 Ng6 12. Nf1 a5 13. b5 a4 14. Ng3 Qd7 15. Rb1 {1-0 (51) So,W (2780)-Nakamura,H (2777) chess.com INT 2018}) 8. Nbd2 Ng6 9. Re1 Bb6 {The position is equal.} 10. a4 {Black should prevent a5.} c6 11. Bb3 h6 12. d4 $146 ({Predecessor:} 12. Nf1 a5 13. Ng3 Qc7 14. d4 Re8 15. Bc2 Be6 16. Be3 Rad8 17. Qc1 Qd7 18. d5 {½-½ (18) Susak,Z (2197)-Crepan,M (2324) Split 2009}) 12... Re8 13. Bc2 Be6 14. Nf1 Qc7 15. Ng3 Rad8 16. Bd2 a5 17. Qc1 Kh7 18. Be3 Bc8 19. Ra3 c5 20. d5 c4 $1 21. Bxb6 Qxb6 22. Nd2 Qc5 {[#]} 23. Ngf1 $1 Nd7 24. Ne3 Nb6 25. Kh2 Nf4 26. Qd1 Bd7 27. Qf3 Rf8 28. h4 g6 29. Rea1 Kg7 30. g3 Nh5 31. Qe2 {[%cal Rd2c4]} Rc8 32. Kg2 (32. Rf1 $14) 32... f5 $1 $15 {[%cal Rf5f4]} 33. exf5 Nxd5 34. Nxd5 Bc6 (34... Qxd5+ $15 35. Be4 Qg8) 35. Kg1 (35. f3 $14 Qxd5 36. Nxc4 Qxf3+ 37. Qxf3 Bxf3+ {[%mdl 64] Discovered Attack} 38. Kxf3 Rxc4 39. Rb3) 35... Nxg3 {[#]} (35... Qxd5 $6 36. Ne4 $16 (36. Be4 Qc5 $14)) (35... Bxd5 $11 36. Nf1 Qc6) 36. Qg4 $1 Qxd5 $11 {[%csl Gc6,Gg3][%cal Rd5h1]} 37. Qxg6+ Kh8 {[%csl Gc6,Gg3][%cal Rd5h1]} 38. Qxh6+ Kg8 {[%csl Gc6,Gg3][%cal Rd5h1]} 39. f3 Rc7 $1 40. f6 Rxf6 41. Qxf6 Rg7 42. Bg6 $1 Be8 $1 43. Ne4 (43. Qd8 Rxg6 44. Qxe8+ Kh7 $17) 43... Nxe4 44. fxe4 Qc5+ 45. Kh2 $1 Rxg6 46. Qf3 {Rf1 is the strong threat.} Bd7 $2 {[%mdl 8192]} (46... Qb6 $11 {and Black stays safe.}) 47. Rf1 $18 {Qf8+ would kill now.} Rg7 48. Raa1 {Threatening mate with Qf8+.} ({Not} 48. Qf8+ Kh7 $16) 48... Be6 $2 (48... Qb6 49. Rad1 Qd8) 49. Rg1 {Accuracy: White = 57%, Black = 51%.} 1-0

[Event "9th RTU Open 2019"]
[Site "Riga"]
[Date "2019.08.05"]
[Round "1.8"]
[White "Tymrakiewicz, Rafal"]
[Black "Gopal G.N."]
[Result "0-1"]
[WhiteElo "2219"]
[BlackElo "2594"]
[Annotator "TA"]
[PlyCount "102"]
[EventDate "2019.08.05"]
[EventType "swiss"]
[EventCountry "LAT"]
[SourceTitle "playchess.com"]
[Source "ChessBase"]
[SourceQuality "1"]

{[%evp 11,102,0,3,8,27,-6,-8,-2,-3,-18,-4,-27,-23,-15,-28,-66,-66,-71,-60,-69,-37,-38,-39,-38,-37,-45,-22,-33,-20,-25,-31,-41,-37,-83,-36,-66,-71,-57,-56,-174,-168,-170,-157,-209,-204,-209,-150,-212,-166,-210,-192,-206,-183,-206,-149,-229,-210,-220,-223,-322,-312,-450,-460,-530,-500,-767,-742,-722,-729,-1137,-1131,-1112,-1023,-881,-703,-756,-768,-1001,-1006,-29984,-29985,-29987,-29988,-29992,-29991,-29991,-29992,-29992,-29991,-29991,-29992,-29992,-29993]} 1. d4 Nf6 2. Bf4 g6 3. Nf3 Bg7 4. e3 d6 5. Nbd2 O-O 6. Bc4 Nc6 7. c3 {A48: 1 d4 Nf6 2 Nf3 g6: Torre, London and Colle Systems} (7. O-O Nd7 8. c3 e5 9. dxe5 dxe5 10. Bg5 Qe8 11. e4 h6 12. Be3 Kh8 13. Ne1 f5 14. exf5 gxf5 {1-0 (43) Kopinits,A (2275)-Marek,M (2430) Graz 2016}) 7... Qe8 8. e4 e5 9. dxe5 {The position is equal.} dxe5 10. Bg5 $146 ({Predecessor:} 10. Be3 b6 11. h3 Bb7 12. Qc2 Rd8 13. a4 Qe7 14. O-O Na5 {0-1 (27) Callaway,J-Le Gore,D USA corr 1991}) 10... h6 11. Bh4 Nh5 12. O-O Na5 13. Re1 Nxc4 14. Nxc4 f6 15. Ne3 Nf4 16. Bg3 {White wants to play Bxf4.} Ne6 17. Nd2 Qf7 18. f3 b6 19. Qc2 $1 Bb7 20. a4 a5 21. Nec4 Rfd8 22. Red1 Bc6 23. b3 Nc5 24. Bf2 Bf8 25. Nb2 {[#]} ({White should play} 25. Kh1 $15) 25... Rxd2 $1 $19 {[%mdl 576] Remove Defender, Decoy} 26. Rxd2 (26. Qxd2 Nxb3) 26... Nxb3 {[%mdl 64] Double Attack} 27. Rad1 (27. Rdd1 $17) 27... Nxd2 28. Rxd2 h5 29. Be3 (29. c4 $17 {keeps fighting.}) 29... Be7 30. Qd1 Qe6 31. c4 Kf7 32. Rd3 Ke8 33. Qb3 (33. Qc2 $17) 33... Rd8 34. Rxd8+ Kxd8 35. Kf2 (35. h3 {was called for.}) 35... Kc8 36. Ke2 (36. Qc3 $142) 36... f5 37. exf5 gxf5 38. Nd1 (38. Bf2 $142) 38... f4 39. Bf2 e4 {And now ...exf3+ would win.} 40. fxe4 Qxe4+ 41. Kd2 Qxg2 42. Kc1 Qe4 43. Nc3 Qe5 44. Nb5 Qa1+ 45. Kc2 Be4+ {Black mates.} 46. Kd2 Qf1 47. Bd4 Bb4+ 48. Bc3 Qd3+ 49. Kc1 f3 50. c5 Bxc5 51. Qe6+ Kb7 {Accuracy: White = 34%, Black = 67%.} 0-1

[Event "9th RTU Open 2019"]
[Site "Riga"]
[Date "2019.08.05"]
[Round "1.9"]
[White "Dastan, Muhammed Batuhan"]
[Black "Vicas, Marijus"]
[Result "1-0"]
[WhiteElo "2565"]
[BlackElo "2226"]
[Annotator "TA"]
[PlyCount "49"]
[EventDate "2019.08.05"]
[EventType "swiss"]
[EventCountry "LAT"]
[SourceTitle "playchess.com"]
[Source "ChessBase"]
[SourceQuality "1"]

{[%evp 18,49,19,22,54,38,40,37,48,27,50,22,27,19,35,16,84,39,116,116,130,129,129,110,257,262,525,514,29988,29989,29989,29990,29990,29991]} 1. e4 e5 2. Nf3 Nc6 3. Bc4 Nf6 4. d3 Bc5 5. O-O d6 6. c3 a6 7. a4 Ba7 8. Nbd2 {[%cal Bb1d2,Bd2f1,Bf1g3][%mdl 32]} O-O 9. h3 Ne7 10. Re1 b5 {C54: Giuoco Piano: 4 c3 Nf6, main lines with 5 d4 and 5 d3} (10... Ng6 11. Nf1 Be6 12. Bxe6 fxe6 13. Ng3 h6 14. d4 Nd7 15. Be3 Qe7 16. a5 Kh7 17. Nd2 Rf7 18. Nc4 {½-½ (57) Caruana,F (2822)-Nakamura,H (2769) Stavanger 2018}) 11. Bb3 h6 12. Nf1 Be6 {White is slightly better.} 13. Bc2 $146 ({Predecessor:} 13. Bxe6 fxe6 14. d4 exd4 15. cxd4 Ng6 {1-0 (32) Pulpan,J (2390)-Skalicky,T (2165) Ricany 2017}) 13... Ng6 14. d4 c5 15. Be3 Qc7 16. Ng3 Rab8 (16... Rfc8 $11 {remains equal.}) 17. Qd2 b4 (17... cxd4 $14 18. cxd4 exd4 19. Nxd4 bxa4) 18. d5 $16 bxc3 19. bxc3 Bd7 {[#]} 20. Bxh6 $1 gxh6 (20... c4 $16 {is a better defense.}) 21. Qxh6 $18 Rb2 $2 {[#]} (21... Qd8) 22. Ng5 $1 {Threatening mate with Nh5.} Bg4 (22... Nf4 $18 23. Qxf6 Bc8) 23. hxg4 {White mates.} Rfb8 24. Nf5 {[%csl Gf5][%cal Rh6g7]} Ne8 25. Re3 {Accuracy: White = 69%, Black = 32%.} 1-0

[Event "9th RTU Open 2019"]
[Site "Riga"]
[Date "2019.08.05"]
[Round "1.10"]
[White "Galkin, Gleb"]
[Black "Wagner, Dennis"]
[Result "0-1"]
[WhiteElo "2218"]
[BlackElo "2579"]
[Annotator "TA"]
[PlyCount "98"]
[EventDate "2019.08.05"]
[EventType "swiss"]
[EventCountry "LAT"]
[SourceTitle "playchess.com"]
[Source "ChessBase"]
[SourceQuality "1"]

{[%evp 19,98,0,11,-62,-62,-52,-52,-58,-57,-61,-25,-38,-26,-34,-41,-33,-31,-39,-38,-35,-36,-44,-43,-41,-36,-52,-45,-66,-66,-69,-68,-68,-61,-78,-70,-77,-77,-80,-70,-76,-61,-52,-70,-99,-94,-117,-117,-118,-111,-111,-83,-83,-83,-110,-77,-76,-68,-68,-68,-96,-98,-181,0,-76,-76,-547,-539,-716,-673,-1020,-1047,-880,-679,-2121,-1739,-2112,-1891,-6493,-5825,-5114,-5110]} 1. d4 Nf6 2. c4 e6 3. Nf3 d5 4. Nc3 Nbd7 5. e3 a6 6. b3 b6 7. Bd3 Bb7 8. O-O Bd6 9. Bb2 O-O 10. Qe2 Ne4 11. Bxe4 {E14: Queen's Indian: Classical Variation (4 e3)} (11. a4 $11) (11. a4 a5 12. cxd5 exd5 13. Nb5 Bb4 14. Qc2 c6 15. Nc3 f5 16. Ne2 Qe7 17. Ne5 Nxe5 18. dxe5 g6 {0-1 (43) Sargissian,G (2672)-Riazantsev,A (2650) Riadh 2017}) 11... dxe4 $15 12. Nd2 f5 13. f3 {Black is slightly better.} exf3 14. Nxf3 e5 (14... Nf6 {is more complex.} 15. Rad1 Qe8 16. Ne5 Qe7 17. Na4 a5) 15. dxe5 $146 ({Predecessor:} 15. Rad1 Qe7 16. dxe5 Nxe5 17. Nd5 Bxd5 18. cxd5 Ng4 {0-1 (46) Lecuyer,C (2310)-Adrian,C (2355) Rouen 1987}) 15... Nxe5 16. Nxe5 Bxe5 17. Nd5 Bxb2 18. Qxb2 Bxd5 19. Rad1 {[%mdl 64] [#] Pin} Qe7 20. Rxd5 Qxe3+ 21. Qf2 Qxf2+ 22. Rxf2 {[%mdl 4096] Endgame KRR-KRR} g6 23. Rd7 Rf7 24. Rfd2 Re8 25. Kf2 Kg7 26. Rxf7+ Kxf7 {KR-KR} 27. Rd7+ Re7 28. Rd8 Ke6 29. Kf3 g5 30. Rg8 Kf6 31. Ra8 a5 32. c5 Re5 33. cxb6 cxb6 34. Rf8+ Kg7 35. Rb8 Re6 36. g3 Rc6 37. h4 h6 38. hxg5 hxg5 39. Rb7+ Kf6 40. Rb8 (40. g4 $17) 40... Kg7 (40... Ke5 $19 {has better winning chances. aiming for ...g4+.} 41. g4 Rc3+ 42. Kg2 Kf4 43. gxf5 Rc2+ 44. Kf1 Kxf5) 41. Rb7+ $1 $17 Kg6 {...Rc3+ is the strong threat.} 42. Rb8 $2 {[%mdl 8192] [#]} (42. g4 $17 {nothing else works.}) 42... Rc3+ $19 {Black is clearly winning.} 43. Kf2 Kh5 44. Rxb6 Kg4 45. Rb5 Rc2+ 46. Ke3 Rxa2 47. Rc5 Rg2 48. Rxa5 Rxg3+ 49. Kf2 Rxb3 {Accuracy: White = 40%, Black = 78%.} 0-1